I love cats / (Record no. 756)

MARC details
000 -LEADER
fixed length control field 00870nam a22002777a 4500
005 - DATE AND TIME OF LATEST TRANSACTION
control field 20230706090851.0
020 ## - INTERNATIONAL STANDARD BOOK NUMBER
International Standard Book Number 0516020412
040 ## - CATALOGING SOURCE
Original cataloging agency DLC
Transcribing agency DLC
Modifying agency DLC
Language of cataloging eng
050 00 - LIBRARY OF CONGRESS CALL NUMBER
Classification number PZ7.M4347
Item number Iad 1983
082 00 - DEWEY DECIMAL CLASSIFICATION NUMBER
Classification number [E]
Edition number 19
100 1# - MAIN ENTRY--PERSONAL NAME
Personal name Matthias, Catherine.
245 10 - TITLE STATEMENT
Title I love cats /
Statement of responsibility, etc. by Catherine Matthias ; illustrations by Tom Dunnington.
260 ## - PUBLICATION, DISTRIBUTION, ETC.
Place of publication, distribution, etc. Chicago :
Name of publisher, distributor, etc. Childrens Press,
Date of publication, distribution, etc. 1983.
300 ## - PHYSICAL DESCRIPTION
Extent 29 pages :
Other physical details color illustrations ;
Dimensions 19 cm.
490 ## - SERIES STATEMENT
Series statement A Rookie reader
505 ## - FORMATTED CONTENTS NOTE
Formatted contents note G<br/>
520 ## - SUMMARY, ETC.
Summary, etc. Other animals may be very nice, but cats are the best ones to love.
521 ## - TARGET AUDIENCE NOTE
Target audience note 420 <br/>
Source Lexile <br/>
521 ## - TARGET AUDIENCE NOTE
Target audience note G
Source Raz-Plus <br/>
650 #1 - SUBJECT ADDED ENTRY--TOPICAL TERM
Topical term or geographic name entry element Cats
General subdivision Fiction.
700 1# - ADDED ENTRY--PERSONAL NAME
Personal name Dunnington, Tom,
Relator term illustrator.
906 ## - LOCAL DATA ELEMENT F, LDF (RLIN)
a 7
b cbc
c orignew
d 1
e ocip
f 19
g y-gencatlg
942 ## - ADDED ENTRY ELEMENTS (KOHA)
Source of classification or shelving scheme Dewey Decimal Classification
Koha item type Books
Suppress in OPAC No
999 ## -
-- 756
-- 756
Holdings
Withdrawn status Lost status Source of classification or shelving scheme Damaged status Not for loan Collection Home library Current library Shelving location Date acquired Total Checkouts Full call number Barcode Date last seen Date last checked out Price effective from Koha item type
    Dewey Decimal Classification     Fiction Footprints International School Library Network Toul Kork Campus Footprints International School Library Network Toul Kork Campus   07/06/2023 4 MAT Fic 428.6 PZ7.M4347 FISTK02709 01/30/2025 08/06/2024 07/06/2023 Books